Fiscal cycles in the Caribbean

Bibliographic Details
Main Author: Araujo, Juliana Dutra.
Corporate Authors: International Monetary Fund., ProQuest (Firm)
Format: Electronic eBook
Language:English
Published: [Washington, D.C.] : International Monetary Fund, 2009.
Series:IMF working paper ; WP/09/158.
Subjects:
Online Access:Click to View
LEADER 01274nam a2200349Ia 4500
001 EBC1608376
003 MiAaPQ
005 20200520144314.0
006 m o d |
007 cr cn|||||||||
008 100902s2009 dcua sb i000 0 eng d
035 |a (MiAaPQ)EBC1608376 
035 |a (Au-PeEL)EBL1608376 
035 |a (CaPaEBR)ebr10369506 
035 |a (CaONFJC)MIL284371 
035 |a (OCoLC)645187158 
040 |a MiAaPQ  |c MiAaPQ  |d MiAaPQ 
050 4 |a HJ192.5  |b .A73 2009 
100 1 |a Araujo, Juliana Dutra. 
245 1 0 |a Fiscal cycles in the Caribbean  |h [electronic resource] /  |c Juliana Dutra Araujo. 
260 |a [Washington, D.C.] :  |b International Monetary Fund,  |c 2009. 
300 |a 27 p. :  |b ill. 
490 1 |a IMF working paper ;  |v WP/09/158 
504 |a Includes bibliographical references. 
533 |a Electronic reproduction. Ann Arbor, MI : ProQuest, 2015. Available via World Wide Web. Access may be limited to ProQuest affiliated libraries. 
650 0 |a Fiscal policy. 
650 0 |a Debt. 
655 4 |a Electronic books. 
710 2 |a International Monetary Fund. 
710 2 |a ProQuest (Firm) 
830 0 |a IMF working paper ;  |v WP/09/158. 
856 4 0 |u https://ebookcentral.proquest.com/lib/matrademy/detail.action?docID=1608376  |z Click to View